Once Upon a Time in Hong Kong
| Szerző: | |
|---|---|
| Dokumentumtípus: | Könyv része |
| Megjelent: |
Budapesti Gazdaságtudományi Egyetem
Budapest, Magyarország
2026
|
| Sorozat: | Researchers’ Day Conference Proceedings – Budapest University of Economics and Business 2025
|
| Tárgyszavak: | |
| doi: | 10.29180/978-615-6886-26-2_5 |
| Kulcsszavak: | Hong Kong China One Country Two Systems Greater Bay Area governance socio-economic transformation demographic change hybrid cultural identity |
| Online Access: | http://publikaciotar.uni-bge.hu/2627 |
MARC
| LEADER | 00000naa a2200000 i 4500 | ||
|---|---|---|---|
| 001 | publ2627 | ||
| 005 | 20260325082005.0 | ||
| 008 | 260324s2026 hu o 000 zxx d | ||
| 020 | |a 978-615-6886-26-2 | ||
| 024 | |a 10.29180/978-615-6886-26-2_5 |2 doi | ||
| 040 | |a BGE Publikációtár Repozitórium |b hun | ||
| 100 | 1 | |a Görömbölyi Dávid | |
| 245 | 1 | 0 | |a Once Upon a Time in Hong Kong |c Görömbölyi Dávid |h [elektronikus dokumentum] |
| 260 | |a Budapesti Gazdaságtudományi Egyetem |b Budapest, Magyarország |c 2026 | ||
| 300 | |a 1-8 | ||
| 490 | 0 | |a Researchers’ Day Conference Proceedings – Budapest University of Economics and Business 2025 | |
| 650 | 4 | |a regionális tudományok | |
| 695 | |a Hong Kong | ||
| 695 | |a China | ||
| 695 | |a One Country Two Systems | ||
| 695 | |a Greater Bay Area | ||
| 695 | |a governance | ||
| 695 | |a socio-economic transformation | ||
| 695 | |a demographic change | ||
| 695 | |a hybrid cultural identity | ||
| 856 | 4 | 0 | |u https://publikaciotar.uni-bge.hu/id/eprint/2627/1/KUTAT%C3%93I%20NAP%202025%20-%20Full%20edition%20%28revised%29_5%20cikk.pdf |z Dokumentum-elérés |